00927nac a22002297a 4500001001000000003000900010005001700019008003400036040005400070072000800124100002100132100001800153110008400171245010300255246010600358260003700464300000900501490012700510650002000637650002800657650001200685BR8400023BR-BrBNA20240105115920.0230509b bl.|||m| |||| 00| 0 por d aBR-BrBNAbporcBiblioteca Nacional de Agricultura aF301 aCordeiro, A.C.C.1 aAlves, A.A.C.1 aUnidade de Execucao de Pesquisa de Ambito Territorial de Boa Vista, RR (Brasil)1 aCompeticao de cultivares ramadoras de caupi em area de mata de Roraima [Vigna unguiculata, Brasil]1 a[Comparison of branching cultivars of cowpea in the mata of Roraima area [Vigna unguiculata, Brazil]]3 aBoa Vista, RR (Brasil): c1983.  a3 p. aPesquisa em Andamento - Unidade de Execucao de Pesquisa de Ambito Territorial de Boa Vista (Brazil)vno. 2xISSN 0101-8639 aFEIJAO DE CORDA aCOMPETICAO DE VARIEDADE aRORAIMA